| Tag |
First Indicator |
Second Indicator |
Subfields |
| LEADER |
00000cam a2200000 i 4500 |
| 001 |
in00003738245 |
| 005 |
20170109162451.0 |
| 008 |
160716t20182018maua b 001 0 eng c |
| 035 |
|
|
|a (OCoLC)ocn953710303
|
| 040 |
|
|
|a BTCTA
|b eng
|e rda
|c BTCTA
|d YDXCP
|d TXA
|
| 020 |
|
|
|a 9781305950849
|
| 020 |
|
|
|a 1305950844
|
| 035 |
|
|
|a (OCoLC)953710303
|
| 042 |
|
|
|a pcc
|
| 043 |
|
|
|a n-us---
|
| 050 |
|
4 |
|a HE7775
|b .S79 2018
|
| 049 |
|
|
|a TXAM
|
| 100 |
1 |
|
|a Straubhaar, Joseph D.,
|e author.
|
| 245 |
1 |
0 |
|a Media now :
|b understanding media, culture, and technology /
|c Joseph Straubhaar, Robert LaRose, Lucinda Davenport.
|
| 250 |
|
|
|a Tenth edition.
|
| 264 |
|
1 |
|a Boston, MA :
|b Cengage Learning,
|c [2018]
|
| 264 |
|
4 |
|c ©2018
|
| 300 |
|
|
|a xxvi, 582 pages :
|b color illustrations ;
|c 28 cm.
|
| 336 |
|
|
|a text
|b txt
|2 rdacontent
|
| 337 |
|
|
|a unmediated
|b n
|2 rdamedia
|
| 338 |
|
|
|a volume
|b nc
|2 rdacarrier
|
| 504 |
|
|
|a Includes bibliographical references.
|
| 505 |
0 |
|
|a Media and the information age -- The changing media -- Media and society -- The media -- Books -- Print and digital newspapers -- Magazines -- Recorded music -- Radio -- Film and video -- Television -- The Internet -- The third screen: smart phones and tablets -- Video games -- Public relations -- Media issues -- Advertising -- Media uses and impacts -- Media policy and law -- Media ethics -- Global communications media.
|
| 650 |
|
0 |
|a Telecommunication
|z United States.
|
| 650 |
|
0 |
|a Information technology
|z United States.
|
| 650 |
|
0 |
|a Mass media
|z United States.
|
| 700 |
1 |
|
|a LaRose, Robert,
|e author.
|
| 700 |
1 |
|
|a Davenport, Lucinda,
|e author.
|
| 994 |
|
|
|a C0
|b TXA
|
| 948 |
|
|
|a cataloged
|b h
|c 2017/1/9
|d c
|e nbehmer
|f 4:24:42 pm
|
| 999 |
f |
f |
|s eddc2714-40c6-31bf-bfe9-c6a0d70b8a1e
|i c3454c15-3313-3a10-a34a-f432b84fdf59
|t 0
|
| 952 |
f |
f |
|p 4_hour
|a Texas A&M University
|b College Station
|c Sterling C. Evans Library
|d Evans: Media and Reserves (Evans 1st floor)
|t 0
|e HE7775 .S79 2018
|h Library of Congress classification
|i unmediated -- volume
|m A14850460628
|
| 952 |
f |
f |
|p normal
|a Texas A&M University
|b College Station
|c Sterling C. Evans Library
|d Evans: Library Stacks
|t 0
|e HE7775 .S79 2018
|h Library of Congress classification
|i unmediated -- volume
|m A14842737802
|
| 998 |
f |
f |
|a HE7775 .S79 2018
|t 0
|l Evans: Library Stacks
|
| 998 |
f |
f |
|a HE7775 .S79 2018
|t 0
|l Evans: Library Stacks
|